000 00989nas a2200265 4500
001 BR9201750
003 BR-BrBNA
005 20231205092438.0
007 ta
008 230509b bl.|||p| |||| 00| 00por d
040 _aBR-BrBNA
_bpor
_cBiblioteca Nacional de Agricultura
041 _a(Pt)
072 _aH10
100 1 _aMoura, J.I.L.
100 1 _aVilela, E.F.
100 1 _aSilva, N. dos A.
100 1 _aThiebaut, J.T.L.
245 1 _aOlfatometro tipo "Y" adaptado para avaliar a orientacao olfativa de lagartas de Thyrinteina arnobia (Stoll, 1782)(Lepidoptera, Geometridae)
246 1 _aA "Y" type olfactometer adapted for evaluating the orientation by olfaction of Thyrinteina arnobia (Stoll, 1782)(Lepidoptera, Geometridae)
650 _aLEPIDOPTERO
650 _aBIOLOGIA
773 0 _tAnais da Sociedade Entomologica do Brasil (Brazil)
_xISSN 0301-8059
_g(1991), v. 20(2) p. 395-403
_wBR9201750
909 _a202311
_bLúcia
_c55
_dLúcia Elande
942 _2AGRIS
_n0
_cANA
999 _c131761
_d131761